000 00746cab a2200241 4500
001 ABS56718
008 090401t1997 xxu||||| |||| 00| 0 eng d
035 _a(Sirsi) u77336
041 _aeng
245 _aStopping the rot
260 _c1997
350 _a0
490 _aAccountancy Age
_v6 March 1997, 22-23(2)
520 _aConsiders property depreciation with reference to Goldsborough Healthcare`s decision to cease the practice of non-depreciation in its company reports.
650 _aACCOUNTING STANDARDS
650 _aCOMPANY REPORTS
650 _aFIXED ASSETS
650 _aNON-DEPRECIATION
650 _aPROPERTY DEPRECIATION
690 _aPROPERTY-PROPERTY FINANCE AND INVESTMENT
942 _n0
948 _c24/03/1997
999 _c48622
_d48622